| 000 | 00790nam a2200229 a 4500 | ||
|---|---|---|---|
| 001 | 000010421 | ||
| 005 | 20240412074218.0 | ||
| 008 | 091007s1989 dr a r 000 p spa d | ||
| 040 |
_aDO-SdBNP _bspa _cBNPHU |
||
| 082 |
_aRD861.44 _bJ41o |
||
| 100 | 1 |
_aJavier, Adrián, _d1967- _98447 |
|
| 245 | 1 | 3 |
_aEl oscuro rito de la luz / _cAdrián Javier ; presentación Freddy Ginebra. |
| 260 |
_aSanto Domingo : _bTaller, _c1989. |
||
| 300 |
_a113 p. : _bil. ; _c21 cm. |
||
| 500 | _aIncluye datos biográficos del autor en la contracubierta. | ||
| 586 | _aPremio de poesía casa de teatro 1988 | ||
| 590 | _aInventariado, 2018/BT | ||
| 650 | 0 |
_aPoesía dominicana _966 |
|
| 650 | 0 |
_aLiteratura dominicana. _967 |
|
| 700 | 1 | 2 |
_aGinebra, Freddy _921605 |
| 910 | _aValidado. Control de calidad. MFF | ||
| 999 |
_c10180 _d10180 |
||